| 000 | 00422pab a2200157 454500 | ||
|---|---|---|---|
| 008 | 180718b2006 xxu||||| |||| 00| 0 eng d | ||
| 100 | _aRangel, Marcos A. | ||
| 245 | _aAlimony rights and intrahousehold allocation of resources: evidence from Brazil | ||
| 260 | _c2006 | ||
| 300 | _ap.627-58. | ||
| 362 | _aJul | ||
| 650 | _aFamily law - Brazil | ||
| 650 | _aFamily law | ||
| 773 | _aEconomic Journal | ||
| 909 | _a70666 | ||
| 999 |
_c70666 _d70666 |
||